|
|
|
|
| LEADER |
00000nab a2200000 a 4500 |
| 001 |
vtls000867616 |
| 003 |
SK-MaSNL |
| 005 |
20260515130152.0 |
| 008 |
250429c2004 xo 0 slo |
| 015 |
|
|
|a SNBRB2004/03-09986
|
| 035 |
|
|
|a CLN000219168
|
| 035 |
|
|
|a urn:nbn:sk:snk-ab1pm1
|
| 035 |
|
|
|a (urnnbn)urn:nbn:sk:snk:ar-004uz9
|
| 035 |
|
|
|a (uuid)cfb63409-0cd3-4b22-baf3-b6bb7d3b6bc5
|
| 040 |
|
|
|a SNKBUCL
|b slo
|c SNKBUCL
|e AACR2
|
| 041 |
0 |
|
|a slo
|
| 044 |
|
|
|a xo
|c SK
|
| 080 |
|
|
|a 615.214:54
|2 1997
|
| 080 |
|
|
|a 54:615.214
|2 1997
|
| 245 |
0 |
0 |
|a Nové atypické antipsychoticky pôsobiace liečivá na báze substituovaných arylpiperazínov I
|c I. Malík ... [et al.]
|
| 300 |
|
|
|b Obr.
|
| 504 |
|
|
|a Res. angl., slov.
|
| 504 |
|
|
|a Bibliogr. odkazy
|
| 650 |
0 |
7 |
|a farmaceutická chémia
|2 MESH
|9 67178
|
| 650 |
0 |
7 |
|a antipsychotiká
|x klasifikácia
|x farmakológia
|2 MESH
|9 1570859
|
| 650 |
0 |
7 |
|a klozapín
|2 MESH
|9 1057933
|
| 650 |
0 |
7 |
|a antagonisty dopamínu
|2 MESH
|9 1454145
|
| 650 |
0 |
7 |
|a arylpiperazíny
|2 snkbucl
|9 1570860
|
| 650 |
0 |
7 |
|a schizofrénia
|x farmakoterapia
|2 MESH
|9 871549
|
| 650 |
0 |
7 |
|a piperazíny
|2 MESH
|9 1305996
|
| 650 |
0 |
7 |
|a účinky farmakologické
|2 MESH
|9 871294
|
| 655 |
|
7 |
|a články z novín a časopisov
|2 snkbucl
|9 267496
|
| 700 |
1 |
|
|a Sedlárová, Eva,
|d 1949-2023
|4 aut
|9 1638842
|
| 700 |
1 |
|
|a Malík, Ivan,
|d 1978-
|4 aut
|9 228898
|
| 700 |
1 |
|
|a Kurfürst, P.
|4 aut
|9 1197000
|
| 700 |
1 |
|
|a Csöllei, J.
|4 aut
|9 945255
|
| 773 |
0 |
|
|t Farmaceutický obzor
|g Roč. 73, č. 1 (2004), s. 13-17
|x 0014-8172
|
| 850 |
|
|
|a Slovenská národná knižnica
|
| 852 |
|
|
|a Slovenská národná knižnica
|
| 954 |
|
|
|a odborná, vedecká literatúra pôvodná (slovenská)
|2 lita
|
| 958 |
|
|
|a article27
|
| 958 |
|
|
|a OND
|
| 958 |
|
|
|a NB
|
| 958 |
|
|
|a MI
|
| 958 |
|
|
|a EUIPO
|
| 992 |
|
|
|a RBX
|
| 999 |
|
|
|c 3203494
|d 3205424
|